000 00411nam a22001697a 4500
005 20160527112141.0
008 160527b xxu||||| |||| 00| 0 eng d
020 _a0-07-058840-6
041 _aeng
082 _b5440
100 _aHavaldar, Krishna K.
_91361
245 _aIndustrial Marketing
260 _aNew Delhi
_bAcademic Faundation
_c2006
300 _a367
650 _aManagement
_9241
942 _cBK
999 _c1936
_d1935